Concise Oxford thesaurus / (Record no. 14909)

MARC details
000 -LEADER
fixed length control field 00677cam a22002172 4500
001 - CONTROL NUMBER
control field 0000002633
005 - DATE AND TIME OF LATEST TRANSACTION
control field 20151217161131.0
008 - FIXED-LENGTH DATA ELEMENTS--GENERAL INFORMATION
fixed length control field 070417s xx 000 0 eng d
020 ## - INTERNATIONAL STANDARD BOOK NUMBER
International Standard Book Number 019860453X :
Terms of availability KES 2,681
040 ## - CATALOGING SOURCE
Original cataloging agency KABU
Transcribing agency KABU
050 #0 - LIBRARY OF CONGRESS CALL NUMBER
Classification number PE1591
Item number .C66 2002
245 10 - TITLE STATEMENT
Title Concise Oxford thesaurus /
Statement of responsibility, etc. edited by Maurice Waite.
250 ## - EDITION STATEMENT
Edition statement 2nd ed.
260 ## - PUBLICATION, DISTRIBUTION, ETC. (IMPRINT)
Place of publication, distribution, etc. Oxford ;
-- New York :
Name of publisher, distributor, etc. Oxford University Press,
Date of publication, distribution, etc. 2002.
300 ## - PHYSICAL DESCRIPTION
Extent 974 p. ;
Dimensions 24 cm.
650 #0 - SUBJECT ADDED ENTRY--TOPICAL TERM
Topical term or geographic name as entry element English language
General subdivision Synonyms and antonyms.
-- 0000148333
700 1# - ADDED ENTRY--PERSONAL NAME
Personal name Waite, Maurice.
-- 0000152077
908 ## - PUT COMMAND PARAMETER (RLIN)
Put command parameter 070417
950 ## - LOCAL HOLDINGS (RLIN)
-- 1
Holdings
Withdrawn status Lost status Source of classification or shelving scheme Not for loan Home library Current library Date acquired Total Checkouts Full call number Barcode Date last seen Price effective from Koha item type
    Library of Congress Classification Not For Loan Kabarak, Main Campus Kabarak, Main Campus 17/12/2015   PE1591 .C66 2002 c. 1 009920 17/12/2015 17/12/2015 Reference
Designed with assistance from East African Informatics Ltd